[Event "CHN-chT"]
[Site "Suzhou"]
[Date "2001.04.02"]
[Round "7"]
[White "Sun, Hui"]
[Black "Li, Wenjun"]
[Result "1-0"]
[WhiteElo "2274"]
[BlackElo "2296"]
[PlyCount "135"]
[EventDate "2001.03.02"]
[EventType "team"]
[EventRounds "10"]
[EventCountry "CHN"]
[SourceTitle "EXT 2002"]
[Source "ChessBase"]
[SourceDate "2001.11.25"]
[SourceVersion "1"]
[SourceVersionDate "2001.11.25"]
[SourceQuality "1"]

1. e4 e6 2. d4 d5 3. Nc3 Bb4 4. e5 c5 5. a3 cxd4 6. axb4 dxc3 7. Qg4 Ne7 8. Nf3 Qc7 9. Bd3 Nbc6 10. 0-0 Nxe5 11. Nxe5 Qxe5 12. Bf4 h5 13. Qh4 Qd4 14. bxc3 Qxc3 15. Qg3 Qf6 16. Be5 h4 17. Bb5+ Nc6 18. Qc3 Qd8 19. Bxg7 Rg8 20. Bxc6+ bxc6 21. Bf6 Qd6 22. Bxh4 Bb7 23. Bg3 Qe7 24. Qd4 Bc8 25. Rfe1 f6 26. f4 Kf7 27. Re3 a6 28. c3 Re8 29. Bf2 Rg8 30. Qd1 Ke8 31. Rg3 Rxg3 32. hxg3 Kd7 33. Bc5 Qg7 34. Qf3 Bb7 35. Kf2 Qh7 36. Ra2 Rg8 37. Re2 Qf5 38. Qe3 Rh8 39. Bb6 Re8 40. Ba5 Re7 41. Qb6 Ke8 42. Qd8+ Kf7 43. Bb6 e5 44. Bc5 Rd7 45. Qf8+ Kg6 46. Be7 Qe6 47. Qe8+ Kh7 48. Qh5+ Kg7 49. Bc5 Kg8 50. fxe5 Rh7 51. Qf3 f5 52. Re1 Bc8 53. Qf4 Kf7 54. Qg5 Ke8 55. Kg1 Kd7 56. Bb6 Re7 57. Kf2 Re8 58. Bc5 Kc7 59. Bd6+ Kb7 60. Rh1 Rg8 61. Rh7+ Kb6 62. Qe3+ Kb5 63. Qc5+ Ka4 64. b5 Kb3 65. Qb4+ Kc2 66. Rh1 f4 67. Qb1+ Kxc3 68. Rc1+ 1-0

[Event "Lee Cup 4th"]
[Site "Beijing"]
[Date "1997.08.30"]
[Round "6"]
[White "Qin, Kanying"]
[Black "Sun, Hui"]
[Result "1/2-1/2"]
[WhiteElo "2370"]
[BlackElo "2200"]
[PlyCount "152"]
[EventDate "1997.08.23"]
[EventType "swiss"]
[EventRounds "11"]
[EventCountry "CHN"]
[SourceTitle "CBM 061"]
[Source "ChessBase"]
[SourceDate "1997.11.23"]
[SourceVersion "1"]
[SourceVersionDate "1997.11.23"]
[SourceQuality "1"]

1. e4 e5 2. Nf3 Nf6 3. Nxe5 d6 4. Nf3 Nxe4 5. c4 Be7 6. d4 d5 7. Nc3 Nxc3 8. bxc3 c6 9. Bd3 0-0 10. 0-0 Bg4 11. Rb1 dxc4 12. Bxc4 b5 13. Bd3 Nd7 14. Re1 Bd6 15. Bc2 Bh5 16. Be4 Rc8 17. Qd3 Bg6 18. Bxg6 hxg6 19. Bg5 Qa5 20. c4 bxc4 21. Qxc4 Nb6 22. Qc2 c5 23. Bd2 Qa6 24. Qe4 cxd4 25. Qxd4 Rfd8 26. Qh4 Nd5 27. Rbc1 Re8 28. Rxe8+ Rxe8 29. Qc4 Qxc4 30. Rxc4 Rb8 31. g3 f6 32. Ra4 Bc5 33. Rc4 Rb1+ 34. Kg2 Bb6 35. Rc2 g5 36. h3 Kf7 37. Ng1 Ke6 38. Ne2 Ra1 39. Nc1 Rb1 40. Nb3 Kd6 41. Nc1 Nb4 42. Rc4 a5 43. Bxb4+ Rxb4 44. Rc2 Kd5 45. Kf3 a4 46. Ne2 Rc4 47. Rd2+ Kc6 48. Rd3 Rc2 49. Nd4+ Bxd4 50. Rxd4 Rxa2 51. Re4 a3 52. Ra4 Kb5 53. Ra7 Kb4 54. Rb7+ Kc3 55. Ra7 Kb3 56. Rb7+ Kc2 57. Ra7 Ra1 58. Rxg7 Rf1 59. Ra7 Kb2 60. Rb7+ Ka1 61. Rf7 a2 62. Rxf6 Kb2 63. Ra6 a1Q 64. Rxa1 Rxa1 65. Kg4 Kc3 66. Kxg5 Kd4 67. h4 Ke5 68. h5 Ke6 69. Kg6 Ke7 70. g4 Kf8 71. f4 Ra6+ 72. Kh7 Ra7+ 73. Kh8 Rg7 74. g5 Kf7 75. g6+ Rxg6 76. hxg6+ Kxg6 1/2-1/2

[Event "Lee Cup 4th"]
[Site "Beijing"]
[Date "1997.08.25"]
[Round "3"]
[White "Tiviakov, Sergei"]
[Black "Sun, Hui"]
[Result "1-0"]
[WhiteElo "2590"]
[BlackElo "2200"]
[PlyCount "113"]
[EventDate "1997.08.23"]
[EventType "swiss"]
[EventRounds "11"]
[EventCountry "CHN"]
[SourceTitle "CBM 061"]
[Source "ChessBase"]
[SourceDate "1997.11.23"]
[SourceVersion "1"]
[SourceVersionDate "1997.11.23"]
[SourceQuality "1"]

1. e4 e5 2. Nf3 Nf6 3. d4 Nxe4 4. Bd3 d5 5. Nxe5 Bd6 6. 0-0 0-0 7. c4 Nc6 8. Nxc6 bxc6 9. c5 Be7 10. Nc3 Bf5 11. Ne2 Qd7 12. Be3 Ng5 13. Ba6 Rab8 14. Qd2 Ne6 15. b3 Bg6 16. Rae1 Kh8 17. Qc3 Bf6 18. Ng3 Bh4 19. Qd2 Rbe8 20. Ne2 Be4 21. Rd1 Bg6 22. Nf4 Nxf4 23. Bxf4 Bf6 24. Bg5 Bxg5 25. Qxg5 Re4 26. f3 Re7 27. Rfe1 Rfe8 28. Kf2 h6 29. Rxe7 Rxe7 30. Qd2 Qd8 31. g3 Qd7 32. g4 Qd8 33. Kg3 Qe8 34. h3 Re6 35. Rf1 Qe7 36. Rf2 h5 37. Re2 h4+ 38. Kf2 Rxe2+ 39. Qxe2 Qd8 40. Bb7 Qf6 41. Qe8+ Kh7 42. Qe5 Qd8 43. Bxc6 Qb8 44. Bxd5 Qb4 45. Qe3 Qa5 46. a4 c6 47. Bc4 Qb4 48. Qg5 Qc3 49. Qxh4+ Kg8 50. Qe7 Qxd4+ 51. Qe3 Qd8 52. Kg3 Bb1 53. h4 Qc7+ 54. Kg2 Qd7 55. h5 Qd8 56. Qc1 Bh7 57. Qf4 1-0